LEADER 00793nam a2200181 i 4500 001 000000055863 003 CaOOAMICUS 005 19970716000000.0 008 970716n xx u000 u ger u 013 $a27035 040 $aSeMil$bita 100 1 $aHöffner, Joseph .$0(OLS)http://semarc/name/19715 245 10$aSoziale Gerechtigkeit und sociale Liebe :$bVersuch einer Bestimmung ihres Wesens. 650 4$aChiesa cattolica - Dottrina sociale.$0(OLS)http://semarc/subject/330 650 4$aTesi di laurea.$0(OLS)http://semarc/subject/1690 850 $aSeMil 852 $aSeMil$W1$xVenegono$y1$m2I IV 34$j22017$B22017$CSeMilBibl$Z2$F22019 $81 996 $6245$aSoziale Gerechtigkeit und sociale Liebe :$bVersuch einer Bestimmung ihres Wesens$9(OLS)http://semarc/title/86734 LEADER 01267nam a2200277 i 4500 001 000000057484 003 CaOOAMICUS 005 20120903000000.0 008 120903s1981 it u000 u ita u 013 $a28656 040 $aSeMil$bita 100 1 $aChilò, Luigi <1927->.$0(OLS)http://semarc/name/29235 245 10$aCampagna e città risorse per il futuro :$bil caso di Trezzo /$cLuigi Chilò ed Empio Malara ... ; con il patrocinio del Comune di Trezzo. 260 $aVenezia :$bMarsilio,$c1981. 300 $a207 p. :$bill. ;$c21 cm. + [1] cartina. 490 0 $aDocumentazione territorio e società 500 $aFondo Mezzanotti. 650 4$aTrezzo sull'Adda.$0(OLS)http://semarc/subject/6877 700 1 $aMalara, Empio <1932->.$0(OLS)http://semarc/name/29236 710 2 $aTrezzo .$0(OLS)http://semarc/name/29237 830 0$aDocumentazione territorio e società.$0(OLS)http://semarc/title/36960 850 $aSeMil 852 $aSeMil$W1$xVenegono$y1$m3P III 239$j23638$B23638$CSeMilBibl$Z2$F23640 $81 961 $aOmaggio: Mezzanotti mons. Alessandro 996 $6245$aCampagna e città risorse per il futuro :$bil caso di Trezzo$9(OLS)http://semarc/title/89471 996 $6260$aVenezia :$bMarsilio$9(OLS)http://semarc/publisher/30231